HUMAN ANTIBODY RESPONSE TO HUMAN CYTOMEGALOVIRUS-SPECIFIC DNA-BINDING PROTEINS

Bibliographic Details
Main Authors: Gergely, L. (Author), Czeglédy, J. (Author), Váczi, L. (Author)
Format: Article
Language:English

MARC

LEADER 00000nab a2200000uu 4500
001 vtls011455494
003 SK-MaSNL
005 20260303151450.0
008 230222|1988 xo |||||||||||||||||eng|
015 |a SNBRB 
035 |a (urnnbn)urn:nbn:sk:snk:ar-a07s59 
035 |a (uuid)385e02ed-a494-4ee6-8cea-9718c7727719 
035 |a urn:nbn:sk:snk-abcqj1 
040 |a SNKBUCL  |b slo  |c SNKBUCL  |e AACR2 
041 0 |a eng 
044 |a xo  |c SK 
100 1 |a Gergely, L.  |4 aut  |9 956368 
245 1 0 |a HUMAN ANTIBODY RESPONSE TO HUMAN CYTOMEGALOVIRUS-SPECIFIC DNA-BINDING PROTEINS  |c L. Gergely, J. Czeglédy, L. Váczi 
700 1 |a Czeglédy, J.  |4 aut  |9 956369 
700 1 |a Váczi, L.  |4 aut  |9 956370 
773 0 |t Acta virologica  |g Roč. 32, č. 1 (1988), s. 1-[96a] 
958 |a OND 
958 |a EUIPO 
958 |a article16 
999 |c 2017802  |d 2019732